| 000 | 01163nam a2200325 i 4500 | ||
|---|---|---|---|
| 001 | 016245648 | ||
| 003 | EG-ScBUE | ||
| 005 | 20241015105140.0 | ||
| 008 | 111212s2013 nyua f 001 0 eng d | ||
| 020 | _a9780071310420 | ||
| 020 | _a0071310428 | ||
| 035 | _a(OCoLC)733235355 | ||
| 040 |
_aStEdALDL _beng _erda _cStEdALDL _dIeDuTC _dUk _dEG-ScBUE |
||
| 082 | 0 | 4 |
_a515.35 _bÇEN _222 |
| 100 | 1 |
_aÇengel, Yunus A., _eauthor. |
|
| 245 | 1 | 0 |
_aDifferential equations for engineers and scientists / _cY. A. Cengel, University of Nevada, Reno, W. J. Palm III, University of Rhode Island. |
| 250 | _aInternational edition. | ||
| 264 | 1 |
_aNew York : _bMcGraw-Hill Education, _c2013. |
|
| 300 |
_axii, 611 pages : _billustrations (black and white) ; _c27 cm |
||
| 336 |
_2rdacontent _atext _btxt |
||
| 337 |
_aunmediated _2rdamedia _bn |
||
| 338 |
_avolume _bnc _2rdacarrier |
||
| 500 | _aIncludes index. | ||
| 650 | 7 |
_aDifferential equations. _2BUEsh |
|
| 650 | 7 |
_aEngineering mathematics. _2BUEsh |
|
| 653 |
_bENGMEC _bENGELC _bENGCIV _cMarch2015 |
||
| 655 |
_vReading book _934232 |
||
| 700 | 1 |
_aPalm, William J. _q(William John), _d1944- _eauthor. |
|
| 942 |
_2ddc _cBB |
||
| 999 |
_c19082 _d19054 |
||